La Biblia de las Américas : (Registro nro. 14865)
[ vista simple ]
| 000 -CABECERA | |
|---|---|
| campo de control de longitud fija | 00630cam a2200181 a 4500 |
| 001 - NÚMERO DE CONTROL | |
| campo de control | 000015299 |
| 005 - FECHA Y HORA DE LA ÚLTIMA TRANSACCIÓN | |
| campo de control | 20200929164015.0 |
| 008 - DATOS DE LONGITUD FIJA--INFORMACIÓN GENERAL | |
| campo de control de longitud fija | 820108s1973 cau 000 0 spa |
| 040 ## - FUENTE DE LA CATALOGACIÓN | |
| Centro catalogador/agencia de origen | DO-SdBNP |
| Lengua de catalogación | spa |
| Centro/agencia transcriptor | DLC |
| Centro/agencia modificador | BNPHU |
| 082 ## - NÚMERO DE LA CLASIFICACIÓN DECIMAL DEWEY | |
| Número de clasificación | 225 |
| Número de documento/Ítem | B582a |
| 049 ## - FONDOS LOCALES (OCLC) | |
| Fondos de biblioteca | BNGR |
| 245 03 - MENCIÓN DE TÍTULO | |
| Título | La Biblia de las Américas : |
| Resto del título | el Nuevo Testamento, con referencias y notas /. |
| 260 ## - PUBLICACIÓN, DISTRIBUCIÓN, ETC. | |
| Lugar de publicación, distribución, etc. | Estados Unidos : |
| Nombre del editor, distribuidor, etc. | [The Lokman Foundation], |
| Fecha de publicación, distribución, etc. | [c1973]. |
| 300 ## - DESCRIPCIÓN FÍSICA | |
| Extensión | xiii, 733 p. ; |
| Dimensiones | 19 cm. |
| 650 #4 - PUNTO DE ACCESO ADICIONAL DE MATERIA--TÉRMINO DE MATERIA | |
| Término de materia o nombre geográfico como elemento de entrada | Biblia |
| Subdivisión general | Nuevo testamento |
| -- | Evangelios |
| 9 (RLIN) | 34596 |
| 650 #4 - PUNTO DE ACCESO ADICIONAL DE MATERIA--TÉRMINO DE MATERIA | |
| Término de materia o nombre geográfico como elemento de entrada | Biblia |
| Subdivisión general | Nuevo testamento |
| -- | Hechos de los apóstoles |
| 9 (RLIN) | 34597 |
| 910 ## - DATOS DE OPCIÓN DEL USUARIO (OCLC) | |
| Datos de opción del usuario | Catalogación por copia / LC |
| Estado de retiro | Estado de pérdida | Restricciones de uso | No para préstamo | Código de colección | Localización permanente | Ubicación/localización actual | Ubicación en estantería | Fecha de adquisición | Número de inventario | Total de préstamos | Signatura topográfica completa | Código de barras | Fecha visto por última vez | Precio válido a partir de | Tipo de ítem Koha |
|---|---|---|---|---|---|---|---|---|---|---|---|---|---|---|---|
| Préstamo interno | Monografías: Libros y Folletos | General | General | Depósito | 04.02.2010 | LF1 | 225 B582a | 15299-10 | 25.06.2020 | 25.06.2020 | Préstamo interno |
